One Piece - Combat ! - Statistiques

Statistiques générales
  • Ce quiz a été pris 184 fois
  • Le résultat moyen est 13 sur 20
Statistiques - réponses
Question Tuile Select % Correct
Roronoa Zoro Oui
91%
Roronoa Zoro Non
82%
Roronoa Zoro Non
74%
Sabo Non
74%
Edward Newgate, alias Barbe Blanche (Vieux = Marineford) Oui
74%
Vinsmoke Sanji Oui
73%
Vinsmoke Sanji Non
73%
Sabo Non
62%
Monkey D. Luffy Non
60%
Sabo Oui
60%
Sabo Non
60%
Vinsmoke Sanji Non
60%
Monkey D. Luffy Oui
58%
Edward Newgate, alias Barbe Blanche (Vieux = Marineford) Oui
58%
Edward Newgate, alias Barbe Blanche (Vieux = Marineford) Oui
55%
Monkey D. Luffy Oui
53%
Vinsmoke Sanji Non
52%
Roronoa Zoro Non
49%
Edward Newgate, alias Barbe Blanche (Vieux = Marineford) Oui
45%
Monkey D. Luffy Non
38%
Aucun quiz correspondant
Distribution des résultats
% des personnes avec chaque résultat
Percentile par nombre de réponses
Votre historique - résultats
Vous n’avez pas pris ce quiz